MARC

LEADER 00000nam0a2200000 4500
001 253866
005 20231101232901.0
010 |a 5020140449 
020 |a RU  |b 89-44949 
035 |a (RuTPU)RU\TPU\book\276281 
090 |a 253866 
100 |a 20140317d1989 k a0rusy5003 ca 
101 0 |a rus 
102 |a RU 
105 |a a z 001zy 
200 1 |a Электродинамика антенн с полупрозрачными поверхностями  |e методы конструктивного синтеза  |f Н. Н. Войтович [и др.]  |g под ред. Б. З. Каценеленбаума, А. Н. Сивова 
210 |a Москва  |c Наука  |d 1989 
215 |a 174 с.  |c ил. 
320 |a Библиогр.: с. 172-175 (67 назв.) 
606 1 |a Антенны  |2 stltpush  |3 (RuTPU)RU\TPU\subj\29134  |9 52531 
610 1 |a синтез 
610 1 |a резонаторы 
610 1 |a электродинамика 
610 1 |a электромагнитное поле 
610 1 |a диаграммы 
610 1 |a замкнутые поверхности 
610 1 |a преобразователи 
610 1 |a вариационные методы 
610 1 |a синтез 
675 |a 621.396.67  |z rus 
701 1 |a Войтович  |b Н. Н.  |g Николай Николаевич 
701 1 |a Каценеленбаум  |b Б. З.  |g Борис Захарович 
701 1 |a Коршунова  |b Е. Н.  |g Евгения Николаевна 
701 1 |a Пангонис  |b Л. И.  |g Любас Иозович 
701 1 |a Переяславец  |b М. Л.  |g Михаил Леонидович 
701 1 |a Сизов  |b А. Н.  |g Алексей Николаевич 
701 1 |a Шатров  |b А. Д.  |g Александр Дмитриевич 
702 1 |a Каценеленбаум  |b Б. З.  |4 340 
702 1 |a Сивов  |b А. Н.  |4 340 
801 0 |a RU  |b RuMRKP  |c 19950417  |g psbo 
801 1 |a RU  |b 63413507  |c 20140317 
801 2 |a RU  |b 63413507  |c 20140520  |g RCR 
942 |c BK